LEADER 01636nam 2200409Ia 450 001 996386391503316 005 20221108091336.0 035 $a(CKB)1000000000617319 035 $a(EEBO)2240914786 035 $a(OCoLC)9920472300971 035 $a(EXLCZ)991000000000617319 100 $a19950918d1603 uy | 101 0 $aeng 135 $aurbn||||a|bb| 200 10$aBy the King$b[electronic resource] $eas we haue euer from our infancie had manifold proofes of Gods great goodnes towards vs in his protecting of vs from many dangers of our person .. 210 $aImprinted at London $cBy Robert Barker, Printer to the Kings most Excellent Maiestie$dAnno 1603 215 $a2 leaves 300 $aOther title information from first 3 lines of text. 300 $aForbidding factious efforts to reform the church. 300 $a"Giuen vnder our hand at Wilton the twenty fourth day of October 1603. of our Reigne of England, France and Ireland the first, and of Scotland the thirty anb seuenth yeere." 300 $aImprint from colophon. 300 $aReproduction of original in: Society of Antiquaries. 330 $aeebo-0147 606 $aChurch and state$zEngland 606 $aPuritan movements$zEngland 607 $aGreat Britain$xHistory$yJames I, 1603-1625 607 $aGreat Britain$xChurch history$y17th century 615 0$aChurch and state 615 0$aPuritan movements 701 $aJames$cKing of England,$f1566-1625.$01001019 801 0$bEBK 801 1$bEBK 801 2$bWaOLN 906 $aBOOK 912 $a996386391503316 996 $aBy the King$92299281 997 $aUNISA LEADER 02698nam0 22004813i 450 001 TSAE010490 005 20251003044417.0 012 $aonre i.2. e.vn Maso (3) 1679 (R)$2fei 100 $a20070226d1679 ||||0itac50 ba 101 | $aita$cita 102 $ait 181 1$6z01$ai $bxxxe 182 1$6z01$an 183 1$6z01$anc$2RDAcarrier 200 1 $aˆLa ‰filosofia morale deriuata dall'alto fonte del grande Aristotele stagirita, del conte, e caualier gran croce, don Emanuele Tesauro patritio torinese 210 $aIn Venetia$cappresso Iseppo Prodocimo$d1679 215 $a[12], 707, [1] p.$d12° 300 $aFregio xil. (corona) sul front 300 $aSegnatura: [croce]? A-2E¹² 2F¹?; iniziali xilografiche. 316 $a1 v. - Legatura in pergamena danneggiata. - Sulla carta di guardia anteriore nota di possesso e annotazioni manoscritte. - Sul frontespizio timbro di possesso (Ex Libris Domenico Demarco)$5IT-BN0095 , DEMARCO FONDO RARI A 16 500 10$aˆLa ‰filosofia morale$3UBO4578805$9CFIV073240$94327116 517 1 $aˆLa ‰filosofia morale derivata dall'alto fonte del grande Aristotele ...$9TO0E018741 620 $aIT$dVenezia$3SBLL003553 700 1$aTesauro$b, Emanuele$3CFIV073240$4070$0154551 712 02$aProdocimo Giuseppe$3VEAV473974$4650 790 1$aCrema$b, Hieronimo$3BVEV066096$zTesauro, Emanuele 790 1$aRicolfo$b, Stefano$3BVEV093481$zTesauro, Emanuele 790 1$aFranchi$b, Francesco : de$3BVEV132602$zTesauro, Emanuele 791 02$aTipografia Prodocima$3CAGV191573$zProdocimo Giuseppe 791 02$aTypographia Prodocima$3SBNV005027$zProdocimo Giuseppe 791 02$aProsdocimo, Giuseppe$3SBNV009552$zProdocimo Giuseppe 791 02$aProdocimi, Giuseppe$3VEAV048358$zProdocimo Giuseppe 791 02$aProsdocimo, Iseppo$3VEAV050021$zProdocimo Giuseppe 801 3$aIT$bIT-000000$c20070226 850 $aIT-BN0095 $aIT-AV0003 $aIT-NA0065 899 0$aBiblioteca Comunale "P. S. Mancini"$bAV0003 $41 es.$uhttp://biblioteca.comunediariano.it/images/library_images/1600326.JPG 901 $bNAP AR$cF. ANTICO $n$ 901 $bNAP 01$cDEMARCO $n$ 912 $aTSAE010490 950 0$aBiblioteca Centralizzata di Ateneo$b1 v.$c1 esemplare$d 01DEMARCO FONDO RARI A 16$e 01 0000113435D VMB 1 v. - Legatura in pergamena danneggiata. - Sulla carta di guardia anteriore nota di possesso e annotazioni manoscritte. - Sul frontespizio timbro di possesso (Ex Libris Domenico Demarco)$fB $h20230615$i20230622 977 $a 01$a AR$a PP 996 $aFilosofia morale$94327116 997 $aUNISANNIO